000 00911nam a2200265Ia 4500
003 OSt
005 20220923211230.0
006 a|||||r|||| 00| 0
007 ta
008 220922b |||||||| |||| 00| 0 pan d
020 _a9788171166923 (hbk)
_c300
024 _a331,457
037 _b233, 17/03/2018, National Book Shop
_cTextual
040 _aARTS
_cARTS
_bpan
041 _2pan
_apan
082 _aO153,1N43x, Q7
100 _aਗਰਗ, ਕੇ. ਐਲ., ਥਦ.
_9159353
245 0 _aਖੂੰਡੇ ਵਾਲੇ ਬਾਬੇ
260 _aਦਿੱਲੀ
_b ਨੈFਨਲ ਬੂਕ Fਾਪ
_c2017
300 _a215ਪ0
_ccm.
650 _a ਪੰਜਾਬੀ ਕਾਵਿ
650 _aਪੰਜਾਾਬੀ ਸਾਹਿਤ
_9156350
942 _hO153,1N43x, Q7
_cTEXL
_2CC
999 _c297359
_d297359